| 000 | 00564nas a2200205 i 4500 | ||
|---|---|---|---|
| 001 | 173112 | ||
| 003 | ES-MaACL | ||
| 005 | 20250802062539.0 | ||
| 008 | 091102d19631968sp | | ||pa d | ||
| 022 | _a0578-4158 | ||
| 245 | 0 | 0 | _aClaraboya. |
| 260 |
_aLeón : _bDiputación Provincial, _c1963-68. |
||
| 300 |
_a1 v. : _bil. ; _c22 cm. |
||
| 310 | _aBimestral | ||
| 650 | 7 |
_aLiteratura _2embne _9141583 |
|
| 710 | 0 |
_aLeón (Provincia). _bDiputación Provincial. _95494 |
|
| 852 | 1 |
_aBA _jC-31278 |
|
| 866 | 0 | _o(1967 nº 13, en-feb.) | |
| 999 |
_c173112 _d173112 |
||